000 00559nam a2200181 a 4500
001 000039812
005 20201002033740.0
008 130723s1995 sp a 000 0 spa d
020 _a8449306930
040 _aDO-SdBNP
_bspa
_cBNPHU
082 _axxx
100 1 _aBono, Edward, de
_966008
240 1 0 _aTeach yourself to think
_lespañol
245 1 0 _aAprende a pensar por ti mismo /
_cEdward de Bono ; traducción Alicia Sánchez.
260 _aBarcelona :
_bPaidós,
_c1995.
300 _a214 p. :
_bil. ;
_c21 cm.
700 1 _aSánchez, Alicia,
_etr.
_947207
999 _c39302
_d39302